| 000 | 00509nam a22001817a 4500 | ||
|---|---|---|---|
| 003 | CEME | ||
| 005 | 20210628210028.0 | ||
| 008 | 210210b xxu||||| |||| 00| 0 eng d | ||
| 020 | _a1-58053-022-2 | ||
| 040 | _c. | ||
| 082 | _a621.381325 POT | ||
| 100 |
_aPothecary, Nick _977894 |
||
| 245 | _aFeedforward linear power amplifiers | ||
| 260 |
_aBOSTON _bARTECH HOUSE _c1999 |
||
| 300 | _a201P | ||
| 650 |
_aPOWER AMPLIFIERS AMPLIFIERS RADIO FREQUENCY FEEDFORWARD CONTROL SYSTEMS _977895 |
||
| 942 |
_cBK _2ddc |
||
| 999 |
_c583079 _d583079 |
||